Catálogo
 En Linea

La branca morta de l'arbre d'Israel / (Registro nro. 42129)

Detalles MARC
000 -CABECERA
campo de control de longitud fija 00704nam a2200205 a 4500
001 - NÚMERO DE CONTROL
campo de control 000042640
005 - FECHA Y HORA DE LA ÚLTIMA TRANSACCIÓN
campo de control 20201002040307.0
008 - DATOS DE LONGITUD FIJA--INFORMACIÓN GENERAL
campo de control de longitud fija 140203s1986 sp a 000 0 spa d
020 ## - NÚMERO INTERNACIONAL ESTÁNDAR DEL LIBRO
Número Internacional Estándar del Libro 8476320132
040 ## - FUENTE DE LA CATALOGACIÓN
Centro catalogador/agencia de origen DO-SdBNP
Lengua de catalogación spa
Centro/agencia transcriptor BNPHU
082 ## - NÚMERO DE LA CLASIFICACIÓN DECIMAL DEWEY
Número de clasificación xxxx
Número de documento/Ítem xxxx
100 1# - ENTRADA PRINCIPAL--NOMBRE DE PERSONA
Nombre de persona Graves, Robert
9 (RLIN) 69909
245 13 - MENCIÓN DE TÍTULO
Título La branca morta de l'arbre d'Israel /
Mención de responsabilidad, etc. Robert Graves ; traducció de Lucía Graves i Natàlia Farran ; introducció de P. de Montaner.
260 ## - PUBLICACIÓN, DISTRIBUCIÓN, ETC.
Lugar de publicación, distribución, etc. Mallorca, España :
Nombre del editor, distribuidor, etc. Arxipèlag,
Fecha de publicación, distribución, etc. 1986.
300 ## - DESCRIPCIÓN FÍSICA
Extensión 43 p. ;
Dimensiones 18 cm.
490 1# - MENCIÓN DE SERIE
Mención de serie Universitas baliarica
Designación de volumen o secuencia 3
700 12 - PUNTO DE ACCESO ADICIONAL--NOMBRE DE PERSONA
Nombre de persona Graves, Lucía,
Fechas asociadas al nombre 1943-
9 (RLIN) 69910
700 12 - PUNTO DE ACCESO ADICIONAL--NOMBRE DE PERSONA
Nombre de persona Farran, Natàlia
9 (RLIN) 69911
830 #0 - PUNTO DE ACCESO ADICIONAL DE SERIE-TÍTULO UNIFORME
Título uniforme Universitas baliarica ;
Número de parte o sección de la obra 3
9 (RLIN) 69912
Existencias
Estado de retiro Estado de pérdida Restricciones de uso No para préstamo Código de colección Localización permanente Ubicación/localización actual Ubicación en estantería Fecha de adquisición Número de inventario Total de préstamos Signatura topográfica completa Código de barras Fecha visto por última vez Precio válido a partir de Tipo de ítem Koha
      Excluido de préstamo Monografías: Libros y Folletos General General En catalogación 03.02.2014 LF1   xxxx xxxx 42640-10 25.06.2020 25.06.2020 No se presta

Con tecnología Koha